| 000 | 00335nam a2200133 a 4500 | ||
|---|---|---|---|
| 001 | 4671 | ||
| 003 | CDMR | ||
| 005 | 20130116135259.0 | ||
| 008 | 130130s1995||||||||||||||||||||||||||||d | ||
| 040 |
_aCDMR _bcat _cCPC GIRONA |
||
| 245 | 0 | _aGuia Veterinària 1995 | |
| 260 |
_c1995 _bConsell de Col·legis Veterinaris de Catalunya |
||
| 942 | _cMON | ||
| 999 |
_c4671 _d4671 |
||